| 000 | 00406nam a2200181Ia 4500 | ||
|---|---|---|---|
| 005 | 20251020182559.0 | ||
| 008 | 200515s9999 xx 000 0 und d | ||
| 082 | _aSC/331.823/E92/A | ||
| 110 | _aHERRERO HERMANOS | ||
| 245 | 0 | _aSeguridad Industrial | |
| 260 | _aMéxico D.F. | ||
| 260 | _c1975 | ||
| 300 | _a99 | ||
| 650 | _aACCIDENTES | ||
| 650 | _aINDUSTRIA | ||
| 650 | _aSEGURIDAD | ||
| 942 | _cLIB | ||
| 999 |
_c3008 _d3008 |
||